The rise of the community builders : (Record no. 5396)

MARC details
000 -LEADER
fixed length control field 00930pam a2200193 a 4500
020 ## - INTERNATIONAL STANDARD BOOK NUMBER
ISBN 0231065043
050 00 - CALL NUMBER
Classification number HD257
Item number .W46
100 1# - AUTHOR
Personal name Weiss, Marc A.
245 14 - TITLE
Title The rise of the community builders :
Remainder of title the American real estate industry and urban land planning /
Statement of responsibility, etc Marc A. Weiss.
260 ## - PUBLICATION INFORMATION
Place of publication New York :
Name of publisher Columbia University Press,
Year of publication 1987.
300 ## - DESCRIPTION
Number of Pages xii, 228 p. :
Other physical details ill. ;
Dimensions 24 cm.
440 #4 - SERIES
SERIES The Columbia history of urban life
500 ## - NOTES
General note Includes index.
505 ## - FORMATTED CONTENTS NOTE
Table of Content Building Communities --<br/>The Rise of the Community Builders --<br/>Community Builders and Urban Planers --<br/>The Los Angeles Realty Board and Zoning --<br/>The California Real Estate Association and Subdivision Regulations --<br/>Community Builders and the Federal Housing Administration --<br/>Conclusion: Modernizing the Real Estate Industry.
650 #0 - SUBJECTS
Topical Term Land use, Urban
650 #0 - SUBJECTS
Topical Term City planning
650 #0 - SUBJECTS
Topical Term Real estate development
942 ## - ADDED ENTRY ELEMENTS (KOHA)
Koha item type Books
Holdings
Withdrawn status Lost status Collection code Home library Current library Shelving location Date acquired Full call number Accession Number Koha item type
    Reference Methodist University Library Main Methodist University Library Main General Stacks 21/11/2006 HD257 .W46 25347 Books
Copyright © 2026  MUG Library